000 00663nam a2200229 a 4500
999 _c582
_d582
001 582
003 BD-JhCC
005 20171012130111.0
008 171007s2010 ii a|||| ||a| 000 0 eng d
035 _a(BD-JhCC) 582
040 _aBD-JhCC
_dBD-JhCC
041 _aeng
082 _a428.24 MCC
_bMCC 2010
100 _aMcCarthy, Michael
245 _aEnglish Vocabulary in Use :
_bvocabulary referecnce and practice /
_cMichael McCarthy; Felicity O'dell
260 _aNew Delhi :
_bCambridge University press
_c2010
300 _a174 p.:
_c22 cm.
650 _aEnglish Teaching
700 _aO'dell, Felicity
942 _2ddc
_cBK